00517nam a22001457a 450000500170000000800410001705000170005810000200007524500380009526000580013330000270019194200150021899900150023395201230024820250221211325.0250221b |||||||| |||| 00| 0 eng d aRD771.53 MAW aMawhiney, R. B. aScoliosis Manual/cR. B. Mawhiney aWaukesha, WisconsinbRoberts Publishing Companyc1982 aviii. 68p.bill.c28cm 2lcccBKn0 c4096d4096 00102lcc40708NFICaMSLbMSLcGENd2025-02-21l0oRD771.53 MAWpSLM00003568r2025-02-21 21:14:00t1w2025-02-21yBK